| 000 | nam a22 7a 4500 | ||
|---|---|---|---|
| 999 |
_c29407 _d29407 |
||
| 008 | 171205b xxu||||| |||| 00| 0 eng d | ||
| 020 | _a9789966467126 | ||
| 050 | _aPL 8703 .N33 2014 | ||
| 100 |
_aNdalu,Ahmed. _d2014. |
||
| 245 |
_aKamusi ya vitendawali na mafumbo. _cAhmed Ndalu |
||
| 260 |
_aNairobi: _bEAE publishers, _c2014. |
||
| 300 | _a111p. | ||
| 942 |
_2lcc _cREF_BOOK _hPL 8703 .N33 2014 |
||